Clandestinos /

Guardat en:
Dades bibliogràfiques
Autor principal: Alejandro, Edesio (Compositor)
Altres autors: Santos, Isabel (Actor), Perez, Susana (Actor), Losada, René (Actor), García, Luis Alberto (Actor), Diaz, Jesus (Scenarist), Pérez, Fernando (regista) (Director)
Format: Diapositiva
Idioma:espanyol
Publicat: Prato : General video recording, [2011]
Etiquetes: Afegir etiqueta
Sense etiquetes, Sigues el primer a etiquetar aquest registre!

MARC

LEADER 00000ngm a22000007i 4500
001 IT\ICCU\MOD\1592704
003 ItRI
005 20260124182850.0
008 111026s2000 it |||||||||||||||k|||||c
028 4 2 |a 1030SD 
040 |b ita 
041 7 |a spa  |2 ISO-639-2 
130 0 |a Clandestinos <film ; 1987>  |3 IT\ICCU\MOD\1592705 
245 0 0 |a Clandestinos /  |c un film di Fernando Perez ; [con] Luis Alberto Garcia, Isabel Santos. 
260 |a Prato :  |b General video recording,  |c [2011] 
300 |a 1 DVD-Video (circa 89 min) :  |b color., sonoro ;  |c 12 cm 
500 |a Sceneggiatura: Jesus Diaz ; musiche: Edesio Alejandro ; altri interpreti: Susana Perez, Rene Losada 
500 |a Titolo del contenitore 
500 |a Data desunta da catalogo editoriale online 
500 |a Produzione cinematografica: Cuba, 1987 
500 |a Lingua: spagnolo; sottotitoli in italiano per non udenti 
500 |a Codice area 2; formato video 4/3 letterbox; audio: Dolby Digital 2.0 
500 |a Contenuti speciali: David Riondino presenta la collana dedicata a Cuba. 
700 1 |a Santos, Isabel  |0 IT\ICCU\MILV\256800  |4 act 
700 1 |a Perez, Susana  |0 IT\ICCU\MODV\647157  |4 act 
700 1 |a Losada, René  |0 IT\ICCU\MODV\647158  |4 act 
700 1 |a Alejandro, Edesio  |0 IT\ICCU\RAVV\379269  |4 cmp 
700 1 |a García, Luis Alberto  |0 IT\ICCU\RAVV\379283  |4 act 
700 1 |a Diaz, Jesus  |0 IT\ICCU\TO0V\258374  |4 sce 
700 1 |a Pérez, Fernando  |c  (regista)  |0 IT\ICCU\UBOV\494431  |4 drt 
942 |2 ddc  |c VM  |n 0 
952 |0 0  |1 0  |4 0  |6 VO_2157_000000000000000  |7 0  |9 27221  |a BO  |b BO  |d 2026-01-24  |i 17632  |l 0  |o VO 2157  |p BO17632  |r 2026-01-24 18:28:50  |w 2026-01-24  |x [Sebina 5] [1 dvd]  |y VM  |z 1 dvd 
999 |c 23045  |d 23045